| 000 | 00557nam a22001697a 4500 | ||
|---|---|---|---|
| 999 |
_c172529 _d172529 |
||
| 005 | 20200206151348.0 | ||
| 010 | _aA-842634 | ||
| 035 | _aA-842634 | ||
| 037 | _bBPPD/Pub. | ||
| 082 | _a529.3 | ||
| 245 |
_aراشٹریہ پنچانگ اردو : _bشک سمت 1916 |
||
| 246 | _aRashtriya Panchang (Urdu): Saka Era 1916 (1994-95 A.D.) | ||
| 260 |
_aNew Delhi _bController of Publications _c1993 ء |
||
| 270 |
_aIndia Meteriological Department, Lodi Road _bNew Delhi |
||
| 300 |
_a210p. _c21cm(pbk) |
||
| 942 |
_2ddc _cUR _h529.3 _mپ ن چ |
||